Yu-Gi-Oh Card Quiz - Statistics

General Stats
  • This quiz has been taken 693 times
    596 since last reset
  • The average score is 31 of 56
Answer Stats
Answer % Correct
Fusion
94%
Spell
93%
Dark
92%
Fire
90%
Water
90%
Trap
89%
Light
88%
Synchro
86%
XYZ
86%
Earth
83%
Wind
83%
Dragon
81%
Link
77%
Monster
72%
Normal
72%
Pendulum
72%
Warrior
72%
Beast
71%
Ritual
70%
Ritual
70%
Effect
66%
Divine
62%
Field
61%
Spellcaster
61%
Counter
59%
Continuous
55%
Continuous
55%
Machine
55%
Beast-Warrior
53%
Equip
51%
Winged Beast
51%
Aqua
50%
Fiend
50%
Quick-Play
50%
Fairy
47%
Fish
45%
Pyro
43%
Zombie
42%
Insect
40%
Plant
37%
Rock
37%
Tuner
36%
Dinosaur
34%
Sea Serpent
34%
Wyrm
34%
Divine-Beast
33%
Gemini
30%
Cyberse
29%
Thunder
28%
Psychic
27%
Reptile
27%
Toon
27%
Spirit
25%
Illusion
23%
Token
20%
Union
19%
No matching quizzes found
Score Distribution
Percent of People with Each Score
Percentile by Number Answered
Your Score History
You have not taken this quiz since the last reset